NBA Alma Maters - Statistics

General Stats
  • This quiz has been taken 250 times
  • The average score is 23 of 28
Answer Stats
Player College % Correct
Anthony Davis Kentucky
100%
Kyrie Irving Duke
99%
Kevin Love UCLA
95%
Stephen Curry Davidson
94%
Chris Paul Wake Forest
94%
Joel Embiid Kansas
93%
Draymond Green Michigan State
92%
Derrick Rose Memphis
91%
Blake Griffin Oklahoma
90%
Jimmy Butler Marquette
89%
Jeremy Lin Harvard
87%
Victor Oladipo Indiana
85%
Gordon Hayward Butler
84%
DeMar Derozan USC
84%
Isaiah Thomas Washington
84%
Frank Kaminsky Wisconsin
84%
Harrison Barnes North Carolina
83%
Bradley Beal Florida
82%
Damian Lillard Weber State
78%
Paul George Fresno State
77%
Aaron Gordon Arizona
76%
CJ McCollum Lehigh
73%
Mike Conley Ohio State
71%
Andre Drummond Connecticut
69%
Michael Carter-Williams Syracuse
66%
Kentavious Caldwell-Pope Georgia
58%
Kyle Korver Creighton
54%
Paul Millsap Louisiana Tech
31%
No matching quizzes found
Score Distribution
Percent of People with Each Score
Percentile by Number Answered
Your Score History
You have not taken this quiz